• 首页
  • 本馆介绍
  • 公告通知
  • 最新文献
  • 馆藏检索
  • 电子资源
  • 读者导购
  • 参考咨询
  • 我的图书馆
  • 登录
  • 详细信息显示
  • 放入我的书架
  • 预约/预借图书
  • 作者相关作品
  • 分类相关作品
  • 丛书相关作品
  • 出版社相关作品

书目信息

  • 表格格式
  • 工作单格式
  • 卡片格式
题名:
毛泽东史实热点释疑
    
 
作者: 孙宝义 , 刘春增 , 邹桂兰 编著
分册:  
出版信息: 北京   中国文史出版社  2019.02
页数: 343页
开本: 25cm
丛书名:
单 册:
中图分类: A751
科图分类:
主题词:
电子资源:
ISBN: 978-7-5205-0250-4
000 01322nam0 2200289 450
001 2160534806
005 20210930170300.93
010    @a978-7-5205-0250-4@dCNY59.00
100    @a20190406d2019 em y0chiy50 ea
101 0  @achi
102    @aCN@b110000
105    @aa z 000yb
106    @ar
200 1  @a毛泽东史实热点释疑@Amao ze dong shi shi re dian shi yi@f孙宝义,刘春增,邹桂兰编著
205    @a2版
210    @a北京@c中国文史出版社@d2019.02
215    @a343页@c图@d25cm
314    @a孙宝义,曾任辽宁省丹东市人大常委会秘书长,辽宁省作家协会会员等职。与夫人邹桂兰先后编著有《听毛泽东谈哲学》《毛泽东是如何教育子女的》等。
314    @a刘春增,曾任丹东市农科院副院长、研究员。与孙宝义合作编著《毛泽东的读书人生》《毛泽东谈读书学习》等。
330    @a本书分为地位评价篇、澄清真相篇、缅怀伟人篇、价值传承篇4个部分。通过公道、客观地研究毛泽东,摒弃一些来自诬蔑诽谤毛泽东,使之妖魔化的“非毛化”的舆论。恢复毛泽东的实事求是的评价体系。主要反映出毛泽东的丰功伟绩和毛泽东思想的当代价值。毛泽东完全彻底为人民服务和无私奉献的高尚人格。
600  0 @a毛泽东@Amao ze dong@f(1893-1976)@x人物研究
690    @aA751@v5
701  0 @a孙宝义@Asun bao yi@4编著
701  0 @a刘春增@Aliu chun zeng@4编著
701  0 @a邹桂兰@Azou gui lan@4编著
801  0 @aCN@b百万庄@c20210926
905    @b1301203-06@dA751@e273=2@f4
    
    毛泽东史实热点释疑/孙宝义,刘春增,邹桂兰编著.-2版.-北京:中国文史出版社,2019.02
    343页:图;25cm
    
    
    ISBN 978-7-5205-0250-4:CNY59.00
    本书分为地位评价篇、澄清真相篇、缅怀伟人篇、价值传承篇4个部分。通过公道、客观地研究毛泽东,摒弃一些来自诬蔑诽谤毛泽东,使之妖魔化的“非毛化”的舆论。恢复毛泽东的实事求是的评价体系。主要反映出毛泽东的丰功伟绩和毛泽东思想的当代价值。毛泽东完全彻底为人民服务和无私奉献的高尚人格。
●
相关链接 在E读中查询图书 在五车中查询图书 在当当中查询图书 在豆瓣中查询图书


正题名:毛泽东史实热点释疑     索取号:A751/273=2         预约/预借

序号 登录号 条形码 馆藏地/架位号 状态 备注
1 1301203   213012032   第一样本阅览室/ [索取号:A751/273=2] 在馆    
2 1301204   213012041   第一借阅区/ [索取号:A751/273=2] 在馆    
3 1301205   213012050   第一借阅区/ [索取号:A751/273=2] 在馆    
4 1301206   213012069   第一借阅区/ [索取号:A751/273=2] 在馆    
唐山师范学院图书馆 欢迎您!
大连网信软件有限公司© 版权所有